[Event "BUL-ch Seniors"]
[Site "Sofia"]
[Date "2012.05.21"]
[Round "4"]
[White "Shalyafov, Georgi"]
[Black "Danchev, Vladimir"]
[Result "1/2-1/2"]
[WhiteElo "1823"]
[BlackElo "1988"]
[PlyCount "66"]
[EventDate "2012.05.19"]
[EventType "swiss"]
[EventRounds "9"]
[EventCountry "BUL"]
[SourceTitle "CBM 148 Extra"]
[Source "ChessBase"]
[SourceDate "2012.06.22"]
[SourceVersion "1"]
[SourceVersionDate "2012.06.22"]
[SourceQuality "1"]

1. c4 Nf6 2. Nc3 c5 3. g3 Nc6 4. Bg2 g6 5. e3 Bg7 6. d4 cxd4 7. exd4 d6 8. Nge2 0-0 9. 0-0 a6 10. Bg5 h6 11. Be3 Ng4 12. Bc1 Nf6 13. Nd5 Nxd5 14. cxd5 Nb8 15. f4 Bf5 16. h3 h5 17. Be3 Nd7 18. Nc3 Nf6 19. Kh2 b5 20. a3 Qd7 21. Bf2 Rfc8 22. Re1 Rc7 23. Bf1 Rac8 24. Re3 Rb8 25. Qd2 a5 26. b4 Ra7 27. Rae1 Bf8 28. Bg2 axb4 29. axb4 Ne8 30. Ne4 Rba8 31. Nc3 Ra3 32. Qb2 Nc7 33. Bf1 R8a7 1/2-1/2